000 00368 a2200157 4500
001 73621
020 _a
040 _cAnchieta - Colégio São Paulo
100 _aFonseca, João Justiniano da
240 1 0 _aMemórias de Pedro Malaca
_lpor
245 1 0 _aMemórias de Pedro Malaca
300 _a140
362 0 _a2003
650 4 _aFicção brasileira
942 _cBK
999 _c73621
_d73621